000 01511nam a2200313 c 4500
003 BLK
005 20180422115509.0
008 180411b bul|||||r ||||||| ||bul||
010 _aKNG00195768000
040 _aBLK
041 _aBUL
_cBUL
080 _aЗвезди и звездни системи. Вселена - Космически лъчи, междузвездно пространство, Галактика, Млечен път, космология, извънгалактически системи
_b524
_x
_z524
100 1 _aПацнер, Карел
_eпърви автор
_9107345
700 1 _aМладенова, Маргарита
_eпрев. от чеш.
_9370976
700 1 _aКьосева, Ирина
_eпрев. от чеш.
_9384447
139 _aПацнер, Карел
_bП 29
245 1 0 _aТърсим космически цивилизации
_bНауч.-попул. четиво
_cКарел Пацнер; прев. от чеш. Маргарита Младенова; прев. от чеш. Ирина Кьосева.
257 _aBGR
260 София
_bНар. младеж
_c1980
_fВраца : В. Александров
300 _a256 с.
_c22 см
380 _a5
500 _aОриг. загл. Hledame kosmicke civilizace. - 25 150 тир.
650 4 _aКосмически изследвания
_9247375
852 _aЦб 105621
856 4 _qpdf
_u
856 4 _qpdf
_u
942 _cKNG
_n0
944 _aCR
_c11.11.2016
_kНора_Радева
944 _aED
_c11.11.2016
_kНора_Радева
999 _c186772
_d186772